Escritura musical : (Record no. 136477)

MARC details
000 -CABECERA
campo de control de longitud fija 01727nam a2200361 i 4500
001 - NÚMERO DE CONTROL
campo de control 991061300300906706
003 - IDENTIFICADOR DEL NÚMERO DE CONTROL
campo de control ES-BaIT
005 - FECHA Y HORA DE LA ÚLTIMA TRANSACCIÓN
campo de control 20250903120756.0
008 - DATOS DE LONGITUD FIJA--INFORMACIÓN GENERAL
campo de control de longitud fija 250313s2001 sp a||||r|||||0|| 0 spa|c
017 ## - NÚMERO DE COPYRIGHT O DE DEPÓSITO LEGAL
Número de copyright o de depósito legal M 40360-2011
Agencia que asigna Oficina DL Madrid
020 ## - NÚMERO INTERNACIONAL ESTÁNDAR DEL LIBRO
Número Internacional Estándar del Libro 9788488038876
020 ## - NÚMERO INTERNACIONAL ESTÁNDAR DEL LIBRO
Número Internacional Estándar del Libro 8488038879
040 ## - FUENTE DE LA CATALOGACIÓN
Centro catalogador/agencia de origen ES-BaIT
Lengua de catalogación cat
Normas de descripción rda
Centro/agencia transcriptor ES-BaIT
041 1# - CÓDIGO DE LENGUA
Código de lengua del texto/banda sonora o título independiente spa
Código de lengua original dut
080 ## - NÚMERO DE LA CLASIFICACIÓN DECIMAL UNIVERSAL
Número de la Clasificación Decimal Universal 78.01
080 ## - NÚMERO DE LA CLASIFICACIÓN DECIMAL UNIVERSAL
Número de la Clasificación Decimal Universal 781.24
080 ## - NÚMERO DE LA CLASIFICACIÓN DECIMAL UNIVERSAL
Número de la Clasificación Decimal Universal 781
100 1# - ENTRADA PRINCIPAL--NOMBRE DE PERSONA
Nombre de persona Pinksterboer, Hugo
Término indicativo de función/relación autor
9 (RLIN) 166930
245 10 - MENCIÓN DE TÍTULO
Título Escritura musical :
Resto del título guía mundimúsica : teoría básica /
Mención de responsabilidad, etc. Hugo Pinksterboer ; traducción, Julio García Lenberg y Alfredo García Martín-Córdova
264 #1 - PRODUCCIÓN, PUBLICACIÓN, DISTRIBUCIÓN, FABRICACIÓN Y COPYRIGHT
Producción, publicación, distribución, fabricación y copyright Madrid:
Nombre del de productor, editor, distribuidor, fabricante Mundimúsica Ediciones,
Fecha de producción, publicación, distribución, fabricación o copyright 2001
300 ## - DESCRIPCIÓN FÍSICA
Extensión VII, 146 pagines :
Otras características físicas il·lustracions, música ;
Dimensiones 21 cm
336 ## - TIPO DE CONTENIDO
Término de tipo de contenido text
Código de tipo de contenido txt
Fuente rdacontent
337 ## - TIPO DE MEDIO
Nombre/término del tipo de medio sense mediació
Código del tipo de medio n
Fuente rdamedia
338 ## - TIPO DE SOPORTE
Nombre/término del tipo de soporte volum
Código del tipo de soporte nc
Fuente rdacarrier
490 1# - MENCIÓN DE SERIE
Mención de serie Guias mundimúsica
500 ## - NOTA GENERAL
Nota general Títol original: Tipboek muziek op papier (basistheorie)
520 ## - SUMARIO, ETC.
Sumario, etc. "Sencilla, accesible, minuciosa, práctica. Todo lo necesario para leer música y comprender las bases del sistema que hay detrás de las notas. En dos palabras. Con ejemplos al alcance de todos, aunque no toquen instrumento alguno ni sepan leer música... todavía. Todo sobre acentos, alla breve y contratiempo, tonalidades, negras y cinquillos, plops y pitch bends, transportar, tresillos, trémolos y micho más. Para cualquier estilo, cualquier nivel y cualquier instrumento. Para principiantes y avanzados. Para ti. Incluye un glosario." -- contracoberta
650 #7 - PUNTO DE ACCESO ADICIONAL DE MATERIA--TÉRMINO DE MATERIA
Término de materia o nombre geográfico como elemento de entrada Notació musical
9 (RLIN) 64417
830 #0 - PUNTO DE ACCESO ADICIONAL DE SERIE-TÍTULO UNIFORME
Título uniforme Guías Mundimúsica
9 (RLIN) 166931
908 ## - COLOCAR PARÁMETRO DE COMANDO (RLIN)
Colocar parámetro de comando CDMAE
940 ## - EQUIVALENCIA O REFERENCIA-CRUZADA--TÍTULO UNIFORME [OBSOLETO] [solamente CAN/MARC]
Título uniforme <a href="CDMAE">CDMAE</a>
942 ## - ELEMENTOS DE ENTRADA AGREGADA (KOHA)
Fuente del sistema de clasificación o colocación Clasificación decimal universal
Tipo de ítem Koha Llibre
Holdings
Estado de retiro Estado de pérdida Fuente del sistema de clasificación o colocación Estado dañado No para préstamo Localización permanente Ubicación/localización actual Ubicación en estantería Fecha de adquisición Fuente de adquisición Total de préstamos Signatura topográfica completa Código de barras Fecha visto por última vez Precio válido a partir de Tipo de ítem Koha
    Clasificación decimal universal     Biblioteca Barcelona Biblioteca Barcelona BCN Lliure Accés 03/09/2025 Donatiu   781 PIN 1900087900 03/09/2025 03/09/2025 Llibre

Powered by Koha